The raising of individual self-esteem by establishing Christian identity in the matrix of group dynamics. (Record no. 12756)

000 -LEADER
fixed length control field 00642nam a2200181 a 4500
001 - CONTROL NUMBER
control field :::00010570$&:&@@
003 - CONTROL NUMBER IDENTIFIER
control field OkBaRHE
005 - DATE AND TIME OF LATEST TRANSACTION
control field 20000607103400.0
008 - FIXED-LENGTH DATA ELEMENTS--GENERAL INFORMATION
fixed length control field s1981 j 000 0 eng u
040 ## - CATALOGING SOURCE
Transcribing agency
100 1# - MAIN ENTRY--PERSONAL NAME
Personal name Russell, John Everette.
245 14 - TITLE STATEMENT
Title The raising of individual self-esteem by establishing Christian identity in the matrix of group dynamics.
260 ## - PUBLICATION, DISTRIBUTION, ETC. (IMPRINT)
Place of publication, distribution, etc Fort Worth, TX., :
Name of publisher, distributor, etc Southwestern Baptist Theological Seminary
Date of publication, distribution, etc 1981
300 ## - PHYSICAL DESCRIPTION
Extent 155 p. ;
Dimensions 28 cm.
650 ## - SUBJECT ADDED ENTRY--TOPICAL TERM
Topical term or geographic name as entry element Christian Life
942 ## - ADDED ENTRY ELEMENTS (KOHA)
Source of classification or shelving scheme
Koha item type Books
Copies
Shelving location Koha item type Price effective from Not for loan Source of classification or shelving scheme Date acquired Date last seen Withdrawn status Full call number Damaged status Lost status Copy number Barcode Permanent Location
General StacksBooks2010-04-14  2010-04-142010-04-14 BV 4501 .R8  110570RHEMA Bible Training College